Statistics for EA FC24 All Fantasy FC

Click here to take the quiz!

General Stats

  • This quiz has been taken 11 times
    (6 since last reset)
  • The average score is 22 of 44

Answer Stats

RateClubNationAnswer% Correct
91AtleticoFranceAntoine Griezmann
100%
90LiverpoolColombiaLuis Diaz
80%
89SevillaArgentinaMarcos Acuna
80%
88LyonFranceAlexandre Lacazette
60%
89Real MadridFranceFerland Mendy
60%
89BarcelonaSwedenFridolina Rolfo
60%
88InterTurkeyHakan Calhanoglu
60%
88CeltaSpainIago Aspas
60%
87DortmundNetherlandsIan Maatsen
60%
87LiverpoolFranceIbrahima Konate
60%
89BarcelonaGermanyIlkay Gundogan
60%
87NiceFranceJean-Clair Todibo
60%
90PSGBrazilMarquinhos
60%
89BayernNetherlandsMatthijs de Ligt
60%
87AtleticoArgentinaNahuel Molina
60%
86FrankfurtEgyptOmar Marmoush
60%
91PSGFranceOusmane Dembele
60%
87SpursSpainPedro Porro
60%
89SpursGermanyTimo Werner
60%
90ArsenalNetherlandsVivianne Miedema
60%
87RB LeipzigHungaryWilli Orban
60%
88GironaBrazilYan Couto
60%
88TorinoItalyAlessandro Buongiorno
40%
88LyonFranceAmel Majri
40%
87LeverkusenMoroccoAmine Adli
40%
88BilbaoSpainAnder Herrera
40%
88SalernitanaItalyAntonio Candreva
40%
86LilleFranceBenjamin Andre
40%
89Man CityEnglandChloe Kelly
40%
90ArsenalEnglandDeclan Rice
40%
89JuventusItalyFederico Chiesa
40%
89BayernEnglandGeorgia Stanway
40%
89Man UnitedBrazilGeyse
40%
89Man CityEnglandJack Grealish
40%
87Stade ReimsFranceJulie Pasquereau
40%
89PSGNetherlandsLieke Martens
40%
87FreiburgGermanyLisa Karl
40%
87Real SociedadSpainNerea Eizagirre
40%
86Stade BrestFrancePierre Lees-Melou
40%
86RB LeipzigGermanySandra Starke
40%
87MonacoIvory CoastWilfried Singo
40%
89Aston VillaBelgiumYouri Tielemans
40%
88StuttgartGermanyChris Fuhrich
20%
87NapoliItalyMateo Politano
20%

Score Distribution

Percentile by Number Answered

Percent of People with Each Score

Your Score History

You have not taken this quiz since the last reset